| 000 | 00653nam a2200241 a 4500 | ||
|---|---|---|---|
| 999 |
_c503 _d503 |
||
| 001 | 503 | ||
| 003 | BD-JhCC | ||
| 005 | 20171005173844.0 | ||
| 008 | 171005s1969 uk||||| |||| 001 0 eng d | ||
| 035 | _a(BD-JhCC)503 | ||
| 040 |
_aBD-JhCC _dBD-JhCC |
||
| 041 | _aeng | ||
| 082 |
_a371.3 _bTAN 1969 |
||
| 100 | _aP. J. Tansey . | ||
| 245 |
_aSimulation and Gamining in Education / _cP. J. Tansey : Eerick unwin ; |
||
| 260 |
_aLondon , _bMethuen Educational Ltd , _c1969 . |
||
| 300 |
_a145p. ; _c18cm. |
||
| 650 | _aSimulation Gamining in Education | ||
| 700 | _aP. J. Tansey , | ||
| 700 | _aunwin ,Eerick , | ||
| 942 |
_2ddc _cBK |
||